000 00436nam a2200145Ia 4500
005 20251222141821.0
008 251222s9999||||xx |||||||||||||| ||spa||
020 _a9789587169058
082 _a333.91/W47
100 _aWerber Brun, Gerti
245 0 _aAportes Técnicos y Formativos para el Uso Sostenible de los Recursos Hídricos en América Latina
250 _a1ra, ed,
264 _bPontificia Universidad Javeriana
942 _cLIB
999 _c6807
_d6807